000 00642cab a2200217 4500
001 WB3407-37
008 090401t1998 xxu||||| |||| 00| 0 eng d
035 _a(Sirsi) u84391
041 _aeng
245 _aNHS land sales
260 _c1998
350 _a0
490 _aFinancial Times
_v20 February 1998, 13(1)
520 _aSales from the NHS property portfolios could provide land for more than 68,000 houses over the next three years. The NHS is being advised on its planned disposals by FPD Savills.
650 _aLAND SALES
650 _aNEW HOMES
650 _aNHS
690 _aLAND
942 _n0
948 _c20/02/1998
999 _c53040
_d53040